00876 a2200157 4500003000500000005001700005040000900022082001200031100001500043245006500058260003100123300001300154505051300167600001500680650002300695NUST20221205140016.0 cNust a070,SHA aShahid S.M aMass Communication :bAn introduction For Exam /cS.M.Shahid aLahorebEmporium pubc2006 a414, p.: aCommunication (Page-2), The Communication Explosion(Page-27), Mass Communication Theories (Page-45), Types Of Mass Media (Page-84), Introduction To News Writing (Page-121), Handout (Page-150), Opinion Writing (Page-152), The Feature Story (Page-162), Columns And Commentary (Page-172), Muslim Press In Sub Continent (Page-179), National Press (Page-205), Public Relations (Page-223), Public Opinion (Page-241), Propaganda (Page-252), Publicity (Page-268), Advertising (Page-278), Ethics And Libel (Page-322). aS.M.Shahid aMass Communication